|
|
|
|
| LEADER |
00000naa a2200000uu 4500 |
| 001 |
vtls011084925 |
| 003 |
SK-MaSNL |
| 005 |
20260302105054.0 |
| 008 |
210910|1996 xo |||||||||||||||||slo| |
| 015 |
|
|
|a SNBRA
|
| 035 |
|
|
|a (urnnbn)urn:nbn:sk:snk:ar-a0clly
|
| 035 |
|
|
|a (uuid)9e28f1f1-a0f1-4f3c-a130-686dfc40fd0b
|
| 035 |
|
|
|a urn:nbn:sk:snk-aavri0
|
| 040 |
|
|
|a SNKBUCL
|b slo
|c SNKBUCL
|e AACR2
|
| 041 |
0 |
|
|a slo
|
| 044 |
|
|
|a xo
|c SK
|
| 100 |
1 |
|
|a Margetín, Milan,
|d 1954-
|4 aut
|9 209878
|
| 245 |
1 |
0 |
|a ZÁKLADNÉ TELESNÉ MIERY NIEKTORÝCH ŠPECIALIZOVANÝCH MASOVÝCH A DOJNÝCH PLEMIEN OVIEC CHOVANÝCH NA SLOVENSKU
|c M. Margetín, A. Čapistrák, M. Kališ
|
| 700 |
1 |
|
|a Čapistrák, Anton
|4 aut
|9 10275
|
| 700 |
1 |
|
|a Kališ, Milan,
|d 1979-
|4 aut
|9 229926
|
| 773 |
0 |
|
|t Zborník z medzinárodnej vedeckej konferencie "Agronomická fakulta a vývoj poľnohospodárstva na Slovensku"
|d Nitra : Vysoká škola poľnohospodárska, 1996
|g S. 134-139
|z 807137279X
|
| 958 |
|
|
|a OND
|
| 958 |
|
|
|a article12
|
| 958 |
|
|
|a chapter
|
| 999 |
|
|
|c 1237307
|d 1239237
|